Closest Genetic Populations to the Portuguese - Statistics

General Stats
  • This quiz has been taken 23 times
  • The average score is 5 of 12
Answer Stats
Genetic Distance Ethnicity % Correct
0.918 Spanish
100%
3.357 French
91%
3.254 Italian
77%
5.343 Greek
64%
5.611 Romanian
41%
5.346 Albanian
32%
5.350 Belgian
32%
5.908 Serb
27%
4.584 Basque
23%
5.543 Bulgarian
23%
5.600 Macedonian
18%
5.768 Gagauz
9%
No matching quizzes found
Score Distribution
Percent of People with Each Score
Percentile by Number Answered
Your Score History
You have not taken this quiz